Visualizzazione normale
Vista MARC
- Mann, Thomas ;
di Personal Name
Records bibliografici associati: 1
001 - CONTROL NUMBER
- control field: 57493
003 - CONTROL NUMBER IDENTIFIER
- control field:
005 - DATE AND TIME OF LATEST TRANSACTION
- control field: 20181114150013.0
008 - FIXED-LENGTH DATA ELEMENTS
- fixed length control field: 181114|| aca||aabn | a|a d
040 ## - CATALOGING SOURCE
- Original cataloging agency:
- Transcribing agency:
100 ## - HEADING--PERSONAL NAME
- Personal name: Mann, Thomas ;
- Dates associated with a name: 1875-1955 ;
- Relator term: autore ;
- Titles and other words associated with a name: Premio Nobel (1929) ;
670 ## - SOURCE DATA FOUND
- Source citation: Work cat.: (): Mann, Thomas ; 1875-1955 ; autore ; Premio Nobel (1929) ;, Königliche Hoheit ; , 1961